Inside Indian Schools: (Record no. 207987)

MARC details
000 -LEADER
fixed length control field 00570nam a22001817a 4500
005 - DATE AND TIME OF LATEST TRANSACTION
control field 20250102160059.0
010 ## - LCCN (DPL NO)
LC control number ENG-143159
020 ## - INTERNATIONAL STANDARD BOOK NUMBER
International Standard Book Number 9789383166398
Terms of availability 650.00
035 ## - SYSTEM CONTROL NUMBER
System control number EN-126691
037 ## - SOURCE OF ACQUISITION
Source of stock number/acquisition DBAD
082 ## - DEWEY DECIMAL CLASSIFICATION NUMBER
Classification number 371.33400954
100 ## - MAIN ENTRY--PERSONAL NAME
Personal name Ramachandran, Vimala
245 00 - TITLE STATEMENT
Title Inside Indian Schools:
Remainder of title The Enigma Of Equity And Quality
Statement of responsibility, etc by Vimala Ramachandran
260 ## - PUBLICATION, DISTRIBUTION, ETC. (IMPRINT)
Place of publication, distribution, etc New Delhi
Name of publisher, distributor, etc Social Science Press
Date of publication, distribution, etc 2021
270 ## - ADDRESS
Address 69, Jor Bagh
City New Delhi
Postal code 110003
300 ## - PHYSICAL DESCRIPTION
Extent xx,271p.
Dimensions 20cm(pb)
942 ## - ADDED ENTRY ELEMENTS (KOHA)
Source of classification or shelving scheme Dewey Decimal Classification
Item type English Books
Call number suffix RAM
Classification part 371.33400954
Holdings
Withdrawn status Lost status Not for loan Collection code Home library Current library Date acquired Source of acquisition Cost, normal purchase price Full call number Barcode Copy number Cost, replacement price Koha item type
      Non-fiction Kadipur Kadipur 02/01/2025 Delivery of Books Division 650.00 RAM 371.33400954 EN-126691 1 650.00 English Books

© Delhi Public Library
Hit Counter
free hit counter